000 00598nam a2200217Ia 4500
003 OSt
005 20220928145206.0
006 a|||||r|||| 00| 0
007 ta
008 220927b |||||||| |||| 00| 0 eng d
024 _a79359
037 _cTextual
040 _aSDCL
_cSDCL
_beng
041 _2eng
_aeng
082 _aV73:19'N7, L5
100 _aBauer Robert A Ed.
_9512052
245 0 _aUnited States in world affairs
_b Leaderships, partnership or disengagement.
260 _c1975
942 _hV73:19'N7, L5
_cTEXL
_2CC
999 _c832457
_d832457